| 000 | 00455nam a2200181Ia 4500 | ||
|---|---|---|---|
| 005 | 20230327161847.0 | ||
| 008 | 230125s9999 xx 000 0 und d | ||
| 041 | _aeng | ||
| 082 |
_a336.294 _bINA |
||
| 100 | _aInamdar S | ||
| 245 | _aTaxation | ||
| 260 |
_c2010 _bSymbiosis centre for distance learning _aPune |
||
| 300 | _a402p | ||
| 500 | _aDirect tax | ||
| 650 |
_aDirect tax _9180874 |
||
| 700 | _aInamdar S & Nandini Madan, Donor | ||
| 942 | _cDB | ||
| 999 |
_c93608 _d93608 |
||